| 000 | 00455cam a2200181 4500 | ||
|---|---|---|---|
| 001 | D5262 | ||
| 008 | 090401t1980 xxu||||| |||| 00| 0 eng d | ||
| 035 | _a(Sirsi) u42426 | ||
| 041 | _aeng | ||
| 050 | _a711.552 | ||
| 100 | _aGuy, Clifford M | ||
| 245 | _aRetail location and retail planning in Britain | ||
| 260 |
_aFarnborough, Hants _bGower Publishing Co _c1980 |
||
| 300 | _aix. 193p. 22cm | ||
| 350 | _a10.5 | ||
| 942 | _n0 | ||
| 948 | _c04/03/1997 | ||
| 999 |
_c91111 _d91111 |
||